Every member evangelism for today. (Record no. 10565)

000 -LEADER
fixed length control field 00736nam a2200229 a 4500
001 - CONTROL NUMBER
control field :::00008354$&:&@@
003 - CONTROL NUMBER IDENTIFIER
control field OkBaRHE
005 - DATE AND TIME OF LATEST TRANSACTION
control field 20100401161409.0
008 - FIXED-LENGTH DATA ELEMENTS--GENERAL INFORMATION
fixed length control field s1976 j 000 0 eng u
020 ## - INTERNATIONAL STANDARD BOOK NUMBER
International Standard Book Number 0060615516
040 ## - CATALOGING SOURCE
Transcribing agency
100 1# - MAIN ENTRY--PERSONAL NAME
Personal name Fish, Roy J.
245 10 - TITLE STATEMENT
Title Every member evangelism for today.
250 ## - EDITION STATEMENT
Edition statement 1st ed.
260 ## - PUBLICATION, DISTRIBUTION, ETC. (IMPRINT)
Place of publication, distribution, etc New York, NY., :
Name of publisher, distributor, etc Harper & Row, Publishers
Date of publication, distribution, etc 1976
300 ## - PHYSICAL DESCRIPTION
Extent 111 p. ;
Dimensions 21 cm.
650 ## - SUBJECT ADDED ENTRY--TOPICAL TERM
Topical term or geographic name as entry element Evangelistic Work
700 ## - ADDED ENTRY--PERSONAL NAME
Personal name Conant, J. E. (Judson Eber), 1867-1955, Joint author.
700 ## - ADDED ENTRY--PERSONAL NAME
Personal name Conant, Judson E. Every-member evangelism.
942 ## - ADDED ENTRY ELEMENTS (KOHA)
Source of classification or shelving scheme
Koha item type Books
Copies
Full call number Lost status Source of classification or shelving scheme Permanent Location Withdrawn status Not for loan Date acquired Koha item type Damaged status Date last seen Price effective from Barcode Copy number Shelving location
BV 3790 .C59 1976  RHEMA Bible Training College  2010-04-14Books 2010-04-142010-04-1483541General Stacks